| 000 | 00460nam a2200169 i 4500 | ||
|---|---|---|---|
| 001 | 82790 | ||
| 003 | ES-MaACL | ||
| 005 | 20230906174731.0 | ||
| 007 | t| | ||
| 008 | 041112s1960 sp ||||1| spa d | ||
| 245 | 0 | 0 | _aIncremento del consumo. |
| 260 |
_aBarcelona : _bSociedad General de Aguas, _c1960. |
||
| 300 |
_a43 p. ; _c27 cm. |
||
| 500 | _aEj. en "cyclostyle" | ||
| 710 | 2 |
_aSociedad General de Aguas. _96771 |
|
| 852 |
_aES-MaACL _j2020-F-30 _bR.47090 |
||
| 999 |
_c82790 _d82790 |
||